000 00659nam a2200205Ia 4500
003 GCL
008 140319s9999 xx 000 0 ara d
040 _aGCL /
_cGCL
082 0 4 _a270.3
_bب ق
100 1 _aبطرس عبدالملك
245 1 0 _aقاموس الكتاب المقدس /
_cبطرس عبدالملك
700 1 _aجون الكساندر طمسن
700 1 _aابراهيم مطر
260 _aالقاهرة :
_bدار الثقافة العربية ،
_c1992
300 _a1130 ؛
_c32 سم
650 0 4 _aالمسيحية - تاريخ
650 0 4 _aالمسيحية
650 0 4 _aالمسيحية - معاجم
942 _2ddc
_cREF
999 _c59384
_d59384